| 000 | 00377nam a2200145Ia 4500 | ||
|---|---|---|---|
| 008 | 260417s2023 xx 000 0 und d | ||
| 041 | _aeng | ||
| 082 |
_a615.58/RAJ _bDI-1362 |
||
| 100 | _aV.N.RAJE | ||
| 245 | _aPHARMACOTHERAPEUTICS | ||
| 250 | _a4TH ed | ||
| 260 |
_aPUNE _b2023 _bCBS PUB AND DISTRI BUTERS PVT LTD |
||
| 300 | _aP.B.150p | ||
| 650 | _aPHARMACOTHERAPEUTICS | ||
| 999 |
_c1220673 _d1220673 |
||